Les fruits #2 - La banane - Statistiques

Statistiques générales
  • Ce quiz a été pris 175 fois
  • Le résultat moyen est 4 sur 13
Statistiques - réponses
Informations Réponses % Correct
Plante Bananier
93%
Couleur Jaune
91%
Rang du fruit le plus consommé dans le monde 2
70%
Rang du fruit le plus consommé en France 3
48%
Verger de la plante Bananeraie
33%
Origine Asie du sud-est
24%
Pays qui en produit le plus Inde
20%
Pays qui en exporte le plus Équateur
9%
Variété de bananes la plus produite en France Cavendish
8%
Types de bananes d'un point de vue alimentaire Banane "dessert" | Banane à cuire | Bananes destinées à la production de bière
4%
Famille Musaceae
4%
Boisson alcoolisée la plus populaire faite à base de banane Bière de banane
2%
Fleur de la plante Babafigue
1%
Aucun quiz correspondant
Distribution des résultats
% des personnes avec chaque résultat
Percentile par nombre de réponses
Votre historique - résultats
Vous n’avez pas pris ce quiz